LEADER 00841nam0-22003131i-450- 001 990000594100403321 005 20001010 035 $a000059410 035 $aFED01000059410 035 $a(Aleph)000059410FED01 035 $a000059410 100 $a20001010d--------km-y0itay50------ba 101 0 $aita 105 $ay-------001yy 200 1 $a<>COURSE IN ELASTICITY$fFRAEJS B.M. - DE VENBEKE 210 $as.l.$cs.e.$ds.d. 610 0 $aMeccanica dei continui 610 0 $aViscosità 610 0 $aTeorie dell'elasticità e della plasticità 610 0 $aReologia 700 1$aFraejs,$bB.M.$0341808 801 0$aIT$bUNINA$gRICA$2UNIMARC 901 $aBK 912 $a990000594100403321 952 $a07 C-143 CNR$b3866$fDINSC 959 $aDINSC 996 $aCOURSE IN ELASTICITY$9318355 997 $aUNINA DB $aING01 LEADER 01259oam 2200433zu 450 001 996218170703316 005 20210807004639.0 010 $a1-61284-678-5 010 $a1-61284-676-9 035 $a(CKB)3420000000000946 035 $a(SSID)ssj0000527869 035 $a(PQKBManifestationID)12180597 035 $a(PQKBTitleCode)TC0000527869 035 $a(PQKBWorkID)10544921 035 $a(PQKB)11010555 035 $a(NjHacI)993420000000000946 035 $a(EXLCZ)993420000000000946 100 $a20160829d2011 uy 101 0 $aeng 135 $aur||||||||||| 181 $ctxt 182 $cc 183 $acr 200 10$a2011 17th Korea-Japan Joint Workshop on Frontiers of Computer Vision 210 31$a[Place of publication not identified]$cIEEE$d2011 215 $a1 online resource 300 $aBibliographic Level Mode of Issuance: Monograph 311 $a1-61284-677-7 606 $aComputer vision$vCongresses 607 $aKorea 607 $aJapan 615 0$aComputer vision 676 $a006.37 702 $aieee 801 0$bPQKB 906 $aPROCEEDING 912 $a996218170703316 996 $a2011 17th Korea-Japan Joint Workshop on Frontiers of Computer Vision$92500858 997 $aUNISA